[Event "Orlova op 5th"]
[Site "Orlova"]
[Date "2008.05.22"]
[Round "6"]
[White "Kupka, Slavoj"]
[Black "Macura, Emil"]
[Result "1/2-1/2"]
[WhiteElo "2174"]
[BlackElo "2059"]
[PlyCount "21"]
[EventDate "2008.05.17"]
[EventType "swiss"]
[EventRounds "9"]
[EventCountry "CZE"]
[SourceTitle "EXT 2012"]
[Source "ChessBase"]
[SourceDate "2011.11.24"]
[SourceVersion "1"]
[SourceVersionDate "2011.11.24"]
[SourceQuality "1"]

1. d4 d5 2. Nf3 Nf6 3. c4 c6 4. Nc3 Bf5 5. cxd5 Nxd5 6. Qb3 Nb6 7. e4 Bg6 8. Be3 e6 9. Be2 N8d7 10. 0-0 Be7 11. d5 1/2-1/2

[Event "Orlova op 5th"]
[Site "Orlova"]
[Date "2008.05.21"]
[Round "5"]
[White "Straka, Jozef1111"]
[Black "Kupka, Slavoj"]
[Result "1/2-1/2"]
[WhiteElo "2078"]
[BlackElo "2174"]
[PlyCount "34"]
[EventDate "2008.05.17"]
[EventType "swiss"]
[EventRounds "9"]
[EventCountry "CZE"]
[SourceTitle "EXT 2012"]
[Source "ChessBase"]
[SourceDate "2011.11.24"]
[SourceVersion "1"]
[SourceVersionDate "2011.11.24"]
[SourceQuality "1"]

1. e4 c6 2. d4 d5 3. e5 Bf5 4. Nf3 e6 5. Be2 Nd7 6. 0-0 h6 7. b3 g5 8. Ba3 Bxa3 9. Nxa3 Qa5 10. Qc1 Qc3 11. Qe3 Qxe3 12. fxe3 Ne7 13. Nd2 0-0 14. c4 f6 15. exf6 Rxf6 16. g4 Bg6 17. Rxf6 Nxf6 1/2-1/2

[Event "Orlova op 5th"]
[Site "Orlova"]
[Date "2008.05.18"]
[Round "2"]
[White "Kupka, Slavoj"]
[Black "Chwastek, Otto"]
[Result "1/2-1/2"]
[WhiteElo "2174"]
[BlackElo "1995"]
[PlyCount "20"]
[EventDate "2008.05.17"]
[EventType "swiss"]
[EventRounds "9"]
[EventCountry "CZE"]
[SourceTitle "EXT 2012"]
[Source "ChessBase"]
[SourceDate "2011.11.24"]
[SourceVersion "1"]
[SourceVersionDate "2011.11.24"]
[SourceQuality "1"]

1. d4 Nf6 2. Nf3 d5 3. c4 e6 4. Nc3 c6 5. e3 Be7 6. Bd3 Nbd7 7. 0-0 Qc7 8. e4 dxe4 9. Nxe4 Nxe4 10. Bxe4 Nf6 1/2-1/2

[Event "Orlova op1"]
[Site "Orlova"]
[Date "2006.05.??"]
[Round "?"]
[White "Kraus, Frantisek"]
[Black "Kupka, Slavoj"]
[Result "0-1"]
[WhiteElo "2106"]
[BlackElo "2211"]
[PlyCount "78"]
[EventDate "2006.05.??"]
[EventType "swiss"]
[EventRounds "9"]
[EventCountry "CZE"]
[SourceTitle "EXT 2008"]
[Source "ChessBase"]
[SourceDate "2007.11.25"]
[SourceVersion "1"]
[SourceVersionDate "2007.11.25"]
[SourceQuality "1"]

1. e4 c6 2. c4 d5 3. exd5 cxd5 4. cxd5 Nf6 5. Nc3 Nxd5 6. Nf3 Nc6 7. d4 e6 8. Bc4 Bb4 9. Bd2 Nf6 10. a3 Be7 11. Bf4 0-0 12. 0-0 b6 13. Re1 Bb7 14. Rc1 Na5 15. Be2 Rc8 16. Ne5 Nc6 17. Nxc6 Bxc6 18. Be3 Qd7 19. h3 Nd5 20. Bf3 Nxc3 21. Rxc3 Bxf3 22. Qxf3 Rxc3 23. bxc3 Bxa3 24. Bf4 Bd6 25. Bxd6 Qxd6 26. Qb7 Qb8 27. Qe7 a5 28. g3 Rc8 29. Rc1 Qc7 30. Qxc7 Rxc7 31. Kf1 Kf8 32. Ke2 Ke7 33. Ke3 Kd6 34. Kd3 b5 35. Kd2 Rc4 36. f4 b4 37. Kd3 Rxc3+ 38. Rxc3 bxc3 39. Kxc3 Kd5 0-1

[Event "Orlova op1"]
[Site "Orlova"]
[Date "2006.05.??"]
[Round "?"]
[White "Kupka, Slavoj"]
[Black "Trombik, Karel"]
[Result "1/2-1/2"]
[WhiteElo "2211"]
[BlackElo "2228"]
[PlyCount "147"]
[EventDate "2006.05.??"]
[EventType "swiss"]
[EventRounds "9"]
[EventCountry "CZE"]
[SourceTitle "EXT 2008"]
[Source "ChessBase"]
[SourceDate "2007.11.25"]
[SourceVersion "1"]
[SourceVersionDate "2007.11.25"]
[SourceQuality "1"]

1. d4 Nf6 2. Nf3 d5 3. c4 dxc4 4. e3 a6 5. Bxc4 b5 6. Bb3 Bb7 7. 0-0 e6 8. a4 b4 9. Nbd2 Nbd7 10. Qe2 c5 11. e4 cxd4 12. e5 Ng4 13. h3 d3 14. Qxd3 Ngxe5 15. Nxe5 Nxe5 16. Qg3 Ng6 17. Nc4 Be7 18. Rd1 Bd5 19. a5 0-0 20. Nb6 Bd6 21. Qd3 Ne5 22. Qe3 Bxb3 23. Qxb3 Rb8 24. Bf4 Qf6 25. Qe3 Nc4 26. Nxc4 Bxf4 27. Qf3 Be5 28. Nxe5 Qxe5 29. Qc6 Qxb2 30. Qxa6 b3 31. Qd3 Qf6 32. a6 b2 33. Rab1 Rbd8 34. Qb3 Ra8 35. Qxb2 Qxb2 36. Rxb2 Rxa6 37. h4 Ra7 38. g3 g6 39. Kg2 Kg7 40. Rb5 h5 41. Rdb1 Rd8 42. Rb7 Rxb7 43. Rxb7 Rd3 44. Ra7 Kf6 45. Rb7 e5 46. Ra7 Ke6 47. Ra6+ Kf5 48. Ra7 f6 49. Ra6 Rd4 50. Rb6 Rd2 51. Ra6 g5 52. hxg5 Kxg5 53. Ra8 e4 54. Re8 f5 55. Rg8+ Kf6 56. Re8 Kf7 57. Re5 Kg6 58. Re8 Rd7 59. Rg8+ Kf6 60. Rh8 Kg6 61. Re8 Rd2 62. Re6+ Kg5 63. Re8 h4 64. Rg8+ Kf6 65. Rf8+ Kg6 66. gxh4 e3 67. Kf3 exf2 68. Kg2 Rd4 69. h5+ Kg5 70. Kxf2 Rh4 71. Rh8 Rxh5 72. Rxh5+ Kxh5 73. Kf3 Kg5 74. Kg3 1/2-1/2

[Event "Orlova op1"]
[Site "Orlova"]
[Date "2006.05.??"]
[Round "?"]
[White "Matusiak, Marcin"]
[Black "Kupka, Slavoj"]
[Result "0-1"]
[WhiteElo "1807"]
[BlackElo "2211"]
[PlyCount "58"]
[EventDate "2006.05.??"]
[EventType "swiss"]
[EventRounds "9"]
[EventCountry "CZE"]
[SourceTitle "EXT 2008"]
[Source "ChessBase"]
[SourceDate "2007.11.25"]
[SourceVersion "1"]
[SourceVersionDate "2007.11.25"]
[SourceQuality "1"]

1. c4 Nf6 2. Nc3 c5 3. g3 g6 4. Bg2 Bg7 5. d3 Nc6 6. e3 d6 7. Nge2 0-0 8. 0-0 a6 9. Rb1 Rb8 10. a3 Bd7 11. b4 cxb4 12. axb4 b5 13. cxb5 axb5 14. d4 Qb6 15. Bd2 Rfc8 16. Nf4 Qd8 17. Qe2 e5 18. dxe5 dxe5 19. Nfd5 Nxd5 20. Nxd5 Be6 21. Nc3 Bc4 22. Qe1 f5 23. Ne2 Qd3 24. Nc3 e4 25. Qc1 Qd6 26. Rd1 Bd3 27. Rb3 Qe6 28. Qb2 Ne5 29. Nb1 Nf3+ 0-1

[Event "Orlova op1"]
[Site "Orlova"]
[Date "2006.05.??"]
[Round "?"]
[White "Stampovsky, Libor"]
[Black "Kupka, Slavoj"]
[Result "0-1"]
[WhiteElo "2008"]
[BlackElo "2211"]
[PlyCount "70"]
[EventDate "2006.05.??"]
[EventType "swiss"]
[EventRounds "9"]
[EventCountry "CZE"]
[SourceTitle "EXT 2008"]
[Source "ChessBase"]
[SourceDate "2007.11.25"]
[SourceVersion "1"]
[SourceVersionDate "2007.11.25"]
[SourceQuality "1"]

1. d4 Nf6 2. Nc3 d5 3. e4 dxe4 4. f3 exf3 5. Nxf3 Bg4 6. h3 Bxf3 7. Qxf3 c6 8. Be3 e6 9. Bd3 Nbd7 10. 0-0 Bd6 11. Ne4 Qc7 12. c4 0-0-0 13. Nxd6+ Qxd6 14. Rac1 h6 15. a3 c5 16. b4 cxd4 17. Bf4 e5 18. Bh2 Kb8 19. c5 Qd5 20. Qe2 Ka8 21. Bb5 e4 22. Ba4 d3 23. Qe3 Rc8 24. c6 bxc6 25. Rxc6 Rxc6 26. Rf5 Qe6 27. Ra5 Ra6 28. Qc1 Nb8 29. Rxa6 Qxa6 30. Bb3 Rc8 31. Qe1 Qxa3 32. Bd1 Rc1 33. Bf4 Rb1 34. Kh2 Qa1 35. Bxb8 Rxd1 0-1

[Event "Orlova op1"]
[Site "Orlova"]
[Date "2006.05.??"]
[Round "?"]
[White "Vesely, Martin"]
[Black "Kupka, Slavoj"]
[Result "1/2-1/2"]
[WhiteElo "2150"]
[BlackElo "2211"]
[PlyCount "64"]
[EventDate "2006.05.??"]
[EventType "swiss"]
[EventRounds "9"]
[EventCountry "CZE"]
[SourceTitle "EXT 2008"]
[Source "ChessBase"]
[SourceDate "2007.11.25"]
[SourceVersion "1"]
[SourceVersionDate "2007.11.25"]
[SourceQuality "1"]

1. d4 Nf6 2. Nf3 g6 3. c4 c5 4. Nc3 cxd4 5. Nxd4 Nc6 6. e4 d6 7. Be2 Bg7 8. Be3 0-0 9. 0-0 Nd7 10. Rc1 a5 11. Na4 Re8 12. b3 Nxd4 13. Bxd4 Bxd4 14. Qxd4 b6 15. Bg4 Rb8 16. Bxd7 Bxd7 17. Nc3 b5 18. cxb5 Bxb5 19. Nxb5 Rxb5 20. Rc3 Rb4 21. Qd2 e6 22. Rd3 Rxe4 23. Rxd6 Qa8 24. Rd7 Re5 25. Rd1 h5 26. h3 Rf5 27. Qe3 Qc6 28. R1d6 Qc2 29. Rd2 Qc6 30. Kh2 Rf8 31. Qa7 Qc5 32. Qxc5 Rxc5 1/2-1/2

[Event "CZE-chT1 East 0506"]
[Site "Czech Republic"]
[Date "2006.01.22"]
[Round "6.4"]
[White "Kotan, Ladislav"]
[Black "Kupka, Slavoj"]
[Result "1/2-1/2"]
[WhiteElo "2363"]
[BlackElo "2230"]
[PlyCount "30"]
[EventDate "2005.10.23"]
[EventType "team"]
[EventRounds "11"]
[EventCountry "CZE"]
[SourceTitle "EXT 2008"]
[Source "ChessBase"]
[SourceDate "2007.11.25"]
[SourceVersion "1"]
[SourceVersionDate "2007.11.25"]
[SourceQuality "1"]

1. e4 c6 2. d4 d5 3. Nd2 dxe4 4. Nxe4 Bf5 5. Ng3 Bg6 6. Bc4 e6 7. h4 h6 8. N1e2 Nf6 9. Nf4 Bh7 10. 0-0 Bd6 11. Re1 0-0 12. h5 Nd5 13. Nfe2 Nd7 14. Bd3 Bxd3 15. Qxd3 Qh4 1/2-1/2

[Event "Orlova op 3rd"]
[Site "Orlova"]
[Date "2006.??.??"]
[Round "2"]
[White "Kotas, Jan"]
[Black "Kupka, Slavoj"]
[Result "1/2-1/2"]
[WhiteElo "2037"]
[BlackElo "2211"]
[PlyCount "47"]
[EventDate "2006.06.??"]
[EventType "swiss"]
[EventRounds "9"]
[EventCountry "CZE"]
[SourceTitle "EXT 2008"]
[Source "ChessBase"]
[SourceDate "2007.11.25"]
[SourceVersion "1"]
[SourceVersionDate "2007.11.25"]
[SourceQuality "1"]

1. c4 e5 2. Nc3 Nc6 3. Nf3 Nf6 4. g3 d5 5. cxd5 Nxd5 6. Bg2 Nb6 7. d3 Be7 8. 0-0 0-0 9. Bd2 Be6 10. Qc1 f6 11. Ne1 Nd5 12. Nxd5 Bxd5 13. Bc3 Qd7 14. Nf3 Rad8 15. Nd2 Bxg2 16. Kxg2 f5 17. Nc4 b5 18. Ne3 f4 19. Nc2 b4 20. Be1 f3+ 21. exf3 Qxd3 22. Ne3 Nd4 23. Qxc7 Qe2 24. Qc4+ 1/2-1/2

[Event "Orlova op 3rd"]
[Site "Orlova"]
[Date "2006.??.??"]
[Round "9"]
[White "Kupka, Slavoj"]
[Black "Vesely, Martin"]
[Result "1-0"]
[WhiteElo "2211"]
[BlackElo "2150"]
[PlyCount "83"]
[EventDate "2006.06.??"]
[EventType "swiss"]
[EventRounds "9"]
[EventCountry "CZE"]
[SourceTitle "EXT 2008"]
[Source "ChessBase"]
[SourceDate "2007.11.25"]
[SourceVersion "1"]
[SourceVersionDate "2007.11.25"]
[SourceQuality "1"]

1. d4 Nf6 2. Nf3 c5 3. e3 g6 4. c4 Bg7 5. Nc3 b6 6. d5 d6 7. e4 0-0 8. Bd3 Na6 9. 0-0 Nc7 10. a4 a6 11. h3 Rb8 12. Bf4 Nd7 13. Rb1 Ne5 14. Nxe5 dxe5 15. Be3 Qd6 16. Qd2 f5 17. f4 e6 18. exf5 exf4 19. Bxf4 e5 20. Ne4 Qd7 21. f6 exf4 22. fxg7 Qxg7 23. Rxf4 Qd4+ 24. Kh2 Bf5 25. Nf2 Qe5 26. Re1 Qd6 27. Kg1 Bd7 28. Rxf8+ Qxf8 29. b3 a5 30. Qg5 Re8 31. Rxe8 Nxe8 32. Qd8 Nf6 33. Qxb6 Qe7 34. Qxa5 Qe3 35. Qd8+ Kg7 36. d6 Qe1+ 37. Bf1 Qc3 38. Qe7+ Kh6 39. a5 Qd4 40. a6 Bf5 41. a7 Ne4 42. Qh4+ 1-0

[Event "CZE-chT1 East 0506"]
[Site "Czech Republic"]
[Date "2005.11.13"]
[Round "2.4"]
[White "Smajzr, Martin"]
[Black "Kupka, Slavoj"]
[Result "1/2-1/2"]
[WhiteElo "2154"]
[BlackElo "2230"]
[PlyCount "26"]
[EventDate "2005.10.23"]
[EventType "team"]
[EventRounds "11"]
[EventCountry "CZE"]
[SourceTitle "EXT 2008"]
[Source "ChessBase"]
[SourceDate "2007.11.25"]
[SourceVersion "1"]
[SourceVersionDate "2007.11.25"]
[SourceQuality "1"]

1. d4 Nf6 2. Nf3 g6 3. g3 Bg7 4. Bg2 0-0 5. 0-0 d6 6. Re1 Nbd7 7. e4 e5 8. dxe5 Nxe5 9. Nxe5 dxe5 10. Qxd8 Rxd8 11. Nc3 c6 12. f3 Be6 13. Be3 Nd7 1/2-1/2

[Event "MOR-chT2N 0203"]
[Site "Moravia"]
[Date "2003.01.26"]
[Round "7"]
[White "Kupka, Slavoj"]
[Black "Vesely, Martin"]
[Result "1/2-1/2"]
[WhiteElo "2265"]
[BlackElo "2106"]
[PlyCount "87"]
[EventDate "2002.10.??"]
[EventType "team"]
[EventRounds "11"]
[EventCountry "CZE"]
[SourceTitle "EXT 2006"]
[Source "ChessBase"]
[SourceDate "2005.11.24"]
[SourceVersion "1"]
[SourceVersionDate "2005.11.24"]
[SourceQuality "1"]

1. d4 Nf6 2. Nf3 g6 3. c4 Bg7 4. Nc3 0-0 5. Bg5 d6 6. e3 Nbd7 7. Be2 a6 8. Qc2 c6 9. 0-0 b5 10. b4 Nb6 11. c5 dxc5 12. bxc5 Nbd5 13. Nxd5 Nxd5 14. e4 Nb4 15. Qd2 a5 16. a3 Na6 17. Bh6 Bg4 18. Bxg7 Kxg7 19. d5 Bxf3 20. Bxf3 e5 21. Qc3 f6 22. Rfd1 b4 23. Qc4 Qc8 24. axb4 Nxb4 25. Be2 Rf7 26. h3 Rfa7 27. Ra4 Qb7 28. d6 Qf7 29. Qc3 Na2 30. Qa1 Nb4 31. Qc3 Na2 32. Qe3 Nb4 33. Rc1 Qd7 34. Bc4 Rb7 35. Qc3 Qd8 36. Rca1 Rba7 37. Be6 Rb8 38. Bc4 Rba8 39. Qxb4 axb4 40. Rxa7+ Rxa7 41. Rxa7+ Kh6 42. Rb7 f5 43. Rxb4 Qg5 44. Rb8 1/2-1/2

[Event "MOR-chT2N 0203"]
[Site "Moravia"]
[Date "2003.01.12"]
[Round "6"]
[White "Beran, Petr"]
[Black "Kupka, Slavoj"]
[Result "1/2-1/2"]
[WhiteElo "2156"]
[BlackElo "2265"]
[PlyCount "34"]
[EventDate "2002.10.??"]
[EventType "team"]
[EventRounds "11"]
[EventCountry "CZE"]
[SourceTitle "EXT 2006"]
[Source "ChessBase"]
[SourceDate "2005.11.24"]
[SourceVersion "1"]
[SourceVersionDate "2005.11.24"]
[SourceQuality "1"]

1. Nf3 Nf6 2. c4 e6 3. g3 d5 4. d4 c5 5. cxd5 exd5 6. Bg2 Nc6 7. 0-0 Be7 8. dxc5 Bxc5 9. a3 a5 10. Bg5 Be6 11. Nc3 Be7 12. Nd4 h6 13. Bf4 0-0 14. e4 Nxd4 15. Qxd4 dxe4 16. Qxd8 Rfxd8 17. Nxe4 Bd5 1/2-1/2

[Event "Karvina op"]
[Site "Karvina"]
[Date "2003.??.??"]
[Round "3"]
[White "Kupka, Slavoj"]
[Black "Stampovsky, Libor"]
[Result "1-0"]
[WhiteElo "2255"]
[BlackElo "2045"]
[PlyCount "45"]
[EventDate "2003.07.??"]
[EventType "swiss"]
[EventRounds "9"]
[EventCountry "CZE"]
[SourceTitle "EXT 2005"]
[Source "ChessBase"]
[SourceDate "2004.11.15"]
[SourceVersion "1"]
[SourceVersionDate "2004.11.15"]
[SourceQuality "1"]

1. d4 d5 2. Nf3 c6 3. c4 Bf5 4. Nc3 Nf6 5. e3 e6 6. Bd3 Bxd3 7. Qxd3 dxc4 8. Qxc4 Be7 9. 0-0 0-0 10. e4 Nbd7 11. Bf4 c5 12. dxc5 Bxc5 13. b4 Bb6 14. Bd6 Re8 15. e5 Rc8 16. Qb3 Bc7 17. Nb5 Nd5 18. Bxc7 Rxc7 19. Nxc7 Qxc7 20. Rac1 Qb6 21. a3 a5 22. Qa4 Rd8 23. bxa5 1-0

[Event "Trinec op"]
[Site "Trinec"]
[Date "2001.12.31"]
[Round "7"]
[White "Splosnov, Sergei"]
[Black "Kupka, Slavoj"]
[Result "1-0"]
[WhiteElo "2400"]
[BlackElo "2302"]
[PlyCount "49"]
[EventDate "2001.12.27"]
[EventType "swiss"]
[EventRounds "9"]
[EventCountry "CZE"]
[SourceTitle "EXT 2003"]
[Source "ChessBase"]
[SourceDate "2002.11.25"]
[SourceVersion "1"]
[SourceVersionDate "2002.11.25"]
[SourceQuality "1"]

1. Nf3 Nf6 2. c4 g6 3. g3 Bg7 4. d4 c5 5. Bg2 0-0 6. 0-0 cxd4 7. Nxd4 Nc6 8. Nc3 Qb6 9. Ndb5 a6 10. Na4 Qd8 11. Nbc3 d6 12. c5 Be6 13. cxd6 exd6 14. Be3 Ng4 15. Bb6 Qe7 16. e4 Nge5 17. Nd5 Bxd5 18. exd5 Na7 19. Re1 Qf6 20. Rc1 Nb5 21. Nc3 Rac8 22. Ne4 Qe7 23. Rxc8 Rxc8 24. a4 Nc4 25. Nd2 1-0

[Event "Trinec op"]
[Site "Trinec"]
[Date "2001.12.30"]
[Round "5"]
[White "Zilka, Stepan"]
[Black "Kupka, Slavoj"]
[Result "1/2-1/2"]
[WhiteElo "2186"]
[BlackElo "2302"]
[PlyCount "48"]
[EventDate "2001.12.27"]
[EventType "swiss"]
[EventRounds "9"]
[EventCountry "CZE"]
[SourceTitle "EXT 2003"]
[Source "ChessBase"]
[SourceDate "2002.11.25"]
[SourceVersion "1"]
[SourceVersionDate "2002.11.25"]
[SourceQuality "1"]

1. e4 c6 2. Nc3 d5 3. Nf3 Bg4 4. h3 Bxf3 5. Qxf3 Nf6 6. d4 e6 7. Bd3 Bb4 8. 0-0 Bxc3 9. bxc3 dxe4 10. Bxe4 Nxe4 11. Qxe4 0-0 12. Rb1 b6 13. c4 Na6 14. Ba3 Re8 15. Rfd1 Qc7 16. Bb2 c5 17. d5 exd5 18. Qxd5 Qe7 19. Re1 Qf8 20. Rxe8 Rxe8 21. Rd1 Qe7 22. Qd7 f6 23. Qa4 Nb8 24. Qb3 Nc6 1/2-1/2

[Event "Karvina op"]
[Site "Karvina"]
[Date "2001.07.03"]
[Round "4"]
[White "Didi, Jan"]
[Black "Kupka, Slavoj"]
[Result "1/2-1/2"]
[WhiteElo "2125"]
[BlackElo "2344"]
[PlyCount "43"]
[EventDate "2001.06.30"]
[EventType "swiss"]
[EventRounds "9"]
[EventCountry "CZE"]
[SourceTitle "EXT 2002"]
[Source "ChessBase"]
[SourceDate "2001.11.25"]
[SourceVersion "1"]
[SourceVersionDate "2001.11.25"]
[SourceQuality "1"]

1. e4 d5 2. exd5 Nf6 3. c4 c6 4. d4 cxd5 5. Nc3 g6 6. Nf3 Bg7 7. cxd5 0-0 8. Bc4 Nbd7 9. d6 exd6 10. 0-0 Nb6 11. Bb3 h6 12. h3 Re8 13. Bf4 a6 14. Qd2 g5 15. Bg3 Bf5 16. h4 g4 17. Qf4 Qd7 18. Nh2 Rad8 19. Rfe1 Rxe1+ 20. Rxe1 Nh5 21. Qe3 d5 22. Nf1 1/2-1/2